000 00705cam a22002533a 4500
001 17020
003 PGUSA
005 20140828083349.0
008 051106s2005||||xxu|||||s|||||000 1 eng d
040 _aPGUSA
_beng
042 _adc
050 4 _aPS
100 1 _aLorimer, George Horace,
_d1869-1937
245 1 4 _aThe False Gods
_h[electronic resource] /
_cGeorge Horace Lorimer
260 _bProject Gutenberg,
_c2005
506 _aPublic domain in the USA.
516 _aElectronic text
653 _aJournalists -- Fiction
653 _aParanormal fiction
653 _aFantasy fiction
830 0 _aProject Gutenberg
_v17020
856 4 0 _uhttp://www.gutenberg.org/ebooks/17020
942 _cEB
999 _c246275
_d246275